|
|
|
|
| LEADER |
00593cam a2200181 7i4500 |
| 001 |
0000004351 |
| 005 |
19991025090000.0 |
| 002 |
##000005839 |
| 020 |
0 |
0 |
|a 9971-69-177-9
|
| 090 |
0 |
0 |
|a CHIN 330.9
|b KAN
|
| 100 |
1 |
0 |
|a Kang Chen
|
| 245 |
1 |
0 |
|a The Chinese economy in transition :
|b micro changes and macro implications.
|
| 260 |
0 |
0 |
|a Singapore:
|b Singapore University Press,
|c 1995.
|
| 300 |
0 |
0 |
|a 159 p..
|
| 650 |
0 |
0 |
|a Economic conditions --
|z China
|
| 651 |
0 |
0 |
|a China
|
| 999 |
|
|
|a 0000006434
|b Book
|c Open shelf
|e Business Information Centre
|
| 999 |
|
|
|a 0000006138
|b Book
|c Open shelf
|e Business Information Centre
|